Songs By Artist: Roxy Music - Statistics

General Stats
  • This quiz has been taken 25 times
  • The average score is 10 of 18
Answer Stats
Answer Hint % Correct
Now the party's over, I'm so tired... Then I see you coming, out of nowhere... Much communication, in a motion... Without conversation, or a notion... {Avalon}... Avalon
89%
Oh-oh, catch that buzz... {Love Is The Drug} I'm thinking of... Oh-oh, can't you see?... {Love Is The Drug} for me... Oh-ooh-oh.... Oh-ooh-oh... Love Is The Drug
89%
Where my Studebaker takes me... That's where I'll make my stand but wait... Can't you see that Holzer mane... What's her name? {Virginia Plain} Virginia Plain
83%
I didn't mean to hurt you... I'm sorry that I made you cry... I didn't mean to hurt you... I'm just a {Jealous Guy}... Jealous Guy
78%
You're dressed to kill and guess who's dying?... {Dance Away} the heartache... {Dance Away} the tears... {Dance Away}... Dance Away
78%
There's a new sensation... A fabulous creation... A danceable solution... To teenage revolution... {Do The Strand}, love.... When you feel love... It's the new way... That's why we say... {Do The Strand}...! Do The Strand
72%
All those lies can be so unkind... They can make you feel like you're losing your mind... {Street Life}... {Street Life}... {Street Life}... What a Life... Street Life
61%
{In Every Dream Home a Heartache}... And every step I take... Takes me further from heaven... Is there a heaven?... I'd like to think so... In Every Dream Home a Heartache
56%
{More Than This}... You know there's nothing... {More Than This}...Tell me one thing... {More than this}... Ooh there's nothing... More Than This
56%
There's a band playing on the radio... With a rhythm of rhyming guitars... They playing {Oh Yeah} on the radio... Oh Yeah!
56%
{Both Ends Burning}, will the fires keep... Somewhere deep in my soul tonight...{Both Ends Burning}... Burning... Burn... Both Ends Burning
50%
All broken and bruised... Then: {Out Of the Blue}... Love came rushing in... Out of the sky... Came the sun... Out of left field... Came a lucky day... Out Of The Blue
39%
Couldn't sleep a wink last night....Oh how I'd love to hold you tight.... They say you have a secret life... Made sacrifice your key to paradise.... {(Pyjamarama)} Pyjamarama
39%
I don't care... What's new... Don't want to know... About anything... Cause {All I Want Is You}...Going out with other girls... Was always such a bore... All I Want Is You
39%
I was lost, can't you see... Through the long, lonely night... Heaven knows, I believe... Won't you {Take a Chance With Me}? Take a Chance With Me
33%
On the level {Trash} is neat... Teenage fever oh you've got it bad... Caught the flavor want it all... Only seventeen... Trash
33%
Now you've made an offer... I'll take some more... Young loving may be... Oh so mean... Will I still survive... The {Same Old Scene}...? Same Old Scene
28%
{If There Is Something} that I might find... Look around corners... Try to find peace of mind I say... Where would you go if you were me... If There Is Something
22%
No matching quizzes found
Score Distribution
Percent of People with Each Score
Percentile by Number Answered
Your Score History
You have not taken this quiz